| 000 | 00814 a2200277 4500 | ||
|---|---|---|---|
| 001 | 66937 | ||
| 999 |
_c66937 _d18227 |
||
| 003 | TR-AnTOB | ||
| 005 | 20260401135245.0 | ||
| 008 | 080117 2007 tu tur | ||
| 020 | _a9789754034301 (pbk. v.1) | ||
| 041 | _atur | ||
| 050 |
_aZ5055.T87 _bT872 2007 |
||
| 090 | _aZ5055.T87 T872 2007 | ||
| 245 | 0 |
_aTürkiye bilimsel yayın göstergeleri / _cEditörler İ. Hakkı Demirel, Cem Saraç, Elif Aytek Gürses. |
|
| 264 | 1 |
_aAnkara : _bTÜBİTAK-ULAKBİM, _c2007. |
|
| 300 |
_av. <1 > ; _c24 cm. |
||
| 505 |
_av.1 _t1981-2006. |
||
| 650 | 0 |
_aBibliographical citations _940583 |
|
| 650 | 0 |
_aCitation indexes _940584 |
|
| 700 |
_aDemirel, İsmail Hakkı _981373 |
||
| 700 | 1 |
_aSaraç, Cem _940581 |
|
| 700 |
_aGürses, Elif Aytek _940582 |
||
| 901 | _a0022975, 0022976 | ||
| 902 | _aMÇ | ||
| 942 | _cBK | ||